[Event "Bergamo Open 2017"]
[Site "Bergamo"]
[Date "2017.07.14"]
[Round "3"]
[White "Damia, Angelo"]
[Black "Sorcinelli, Francesco"]
[Result "1-0"]
[WhiteElo "2378"]
[BlackElo "2115"]
[Annotator "TA"]
[PlyCount "43"]
[EventDate "2017.??.??"]
[EventCountry "ITA"]
[SourceTitle "playchess.com"]
[Source "ChessBase"]
[SourceQuality "1"]

{[%evp 26,43,103,100,106,85,88,78,86,88,85,97,95,95,84,68,130,135,291,284]} 1. d4 d5 2. c4 e6 3. Nc3 Nf6 4. Bg5 Nbd7 5. cxd5 exd5 6. e3 Be7 7. Qc2 O-O 8. Bd3 h6 9. Bf4 c6 10. Nf3 Re8 11. O-O Nh5 12. Nxd5 Nxf4 13. Nxf4 Bd6 14. Ne2 Nf6 {D36: Queen's Gambit Declined: Exchange Variation: Main line (5 Bg5 c6 6 Qc2)} (14... Nf8 15. Bf5 Ne6 16. Nc3 Qa5 17. e4 g6 18. Bxe6 Bxe6 19. e5 Be7 20. h3 Rad8 21. Rad1 Kg7 22. a3 Rd7 {1-0 (66) Cvek,R (2517)-Motuz,K (2332) Vsetin 2015}) 15. Bf5 Bxf5 16. Qxf5 Ne4 $146 {White is better.} ({Predecessor:} 16... Qb6 17. Rab1 Rad8 18. b4 Bb8 19. Qc5 Qc7 20. b5 Rd5 21. b6 Qd8 22. Qc2 axb6 {½-½ (34) Herrmann,C-Menzel,M Stralsund 1997}) 17. Nc3 g6 18. Qh3 Kg7 19. Nxe4 Rxe4 20. g3 g5 (20... Re8 $14) 21. Qf5 $16 Qe7 $2 {[#]} (21... Re6 $16 22. Kg2 Qf6 23. Qxf6+ Rxf6) 22. Ne5 $1 {[%mdl 512]} 1-0

[Event "Bergamo Open 2017"]
[Site "Bergamo"]
[Date "2017.07.14"]
[Round "3"]
[White "Brunello, Marina"]
[Black "Nikula, Mikko"]
[Result "1/2-1/2"]
[WhiteElo "2367"]
[BlackElo "1935"]
[Annotator "TA"]
[PlyCount "64"]
[EventDate "2017.??.??"]
[EventCountry "ITA"]
[SourceTitle "playchess.com"]
[Source "ChessBase"]
[SourceQuality "1"]

{[%evp 12,64,25,26,58,44,53,66,52,0,56,50,85,75,175,44,45,0,16,-54,-52,-127,-88,-83,0,-66,-66,-54,-3,-112,-78,-80,-60,-64,-64,-69,-52,-112,-103,-110,-18,-73,-38,-119,-108,-111,-111,-112,-110,-112,-39,-39,-39,-64,-64]} 1. e4 e5 2. Nf3 Nf6 3. Nxe5 d6 4. Nf3 Nxe4 5. c4 Be7 6. d4 O-O {C42: Petroff Defence: 3 Nxe5 and unusual White 3rd moves} 7. Bd3 {LiveBook: 63 Games} f5 (7... d5 8. O-O Nf6 9. Nc3 dxc4 10. Bxc4 Bg4 11. h3 Bxf3 12. Qxf3 Nc6 13. Rd1 Nxd4 14. Qxb7 c5 15. Bf4 Qd7 16. Qxd7 Nxd7 17. Nd5 Bd8 18. Bd6 Re8 {1-0 (31) Nepomniachtchi,I (2719)-Wang,H (2734) Almaty 2016}) 8. Nc3 Nxc3 {White is slightly better.} 9. bxc3 Bf6 $146 ({Predecessor:} 9... c5 10. O-O Nc6 11. Re1 Bf6 12. Be3 f4 13. Bxf4 cxd4 14. Nxd4 Bxd4 15. cxd4 Rxf4 16. Qh5 Kf8 17. Qxh7 Bd7 18. Qh8+ {½-½ (18) Stripunsky,A (2495)-Zaitsev,I (2460) Orel 1996}) 10. h4 (10. O-O $14) 10... Re8+ (10... c5 $11) 11. Kf1 $1 $14 c5 12. Ng5 {Black must now prevent Qh5.} g6 {[#]} (12... Qe7 $16) 13. Be3 (13. Qf3 $1 $18 {[%cal Rf3d5] Qd5+ is the strong threat.} d5 14. Qxd5+ Qxd5 15. cxd5) 13... Qe7 14. Qd2 Nc6 {[%cal Rc5d4]} 15. d5 (15. Nf3 $11) 15... Ne5 $36 {[%mdl 2048] White is under pressure.} 16. g3 (16. Re1 $15) 16... Nxd3 17. Qxd3 Bxg5 (17... h6 $17 18. Nh3 Qe4 19. Qxe4 Rxe4 20. Bxh6 b6) 18. hxg5 (18. Bxg5 $11 Qe4 19. Qxe4 fxe4 20. h5) 18... Qe4 $1 {[%cal Re4h1]} 19. Ke2 f4 (19... Qg4+ $1 $15 20. Kd2 {[#]} f4 $1 {[%mdl 512]} 21. gxf4 Bf5) 20. gxf4 (20. Qxe4 $11 Rxe4 21. Rh4) 20... Bg4+ (20... Qxf4 {feels hotter.} 21. Kd2 Qf7 22. Qe2 Bf5 23. Rh6 Qc7) 21. Kd2 Qxd3+ 22. Kxd3 Bf5+ 23. Kd2 Re4 24. Kc1 (24. f3 $15 Rxc4 25. a4) 24... Rxc4 $17 25. Kb2 Re8 ({Better is} 25... Be4 $17 26. Rh3 b5) 26. Kb3 (26. a4 $11) 26... b5 27. Rhe1 (27. a4 $15 Rxa4 28. Rxa4 bxa4+ 29. Kxa4) 27... Rce4 28. Bd2 Rxe1 29. Rxe1 Rxe1 30. Bxe1 Kf7 (30... a6 $17 31. c4 Bd3 32. cxb5 axb5) 31. a4 $15 a6 32. c4 b4 {Precision: White = 23%, Black = 45%.} 1/2-1/2

[Event "Bergamo Open 2017"]
[Site "Bergamo"]
[Date "2017.07.14"]
[Round "3"]
[White "Derakhshani, Dorsa"]
[Black "Rambaldi, Francesco"]
[Result "0-1"]
[WhiteElo "2312"]
[BlackElo "2568"]
[Annotator "TA"]
[PlyCount "42"]
[EventDate "2017.??.??"]
[EventCountry "ITA"]
[SourceTitle "playchess.com"]
[Source "ChessBase"]
[SourceQuality "1"]

{[%evp 21,42,-6,-12,-5,-12,-20,-16,-6,-4,-51,-50,-57,-32,-50,-14,-30,-31,-19,0,-25,-17,-385,-382]} 1. e4 c6 2. d4 d5 3. Nd2 {[%cal Bb1d2,Bd2e4,Be4g3][%mdl 32]} dxe4 4. Nxe4 Bf5 5. Ng3 Bg6 6. Nh3 Nf6 7. Nf4 Nbd7 {B18: Classical Caro-Kann: 4...Bf5 sidelines} 8. h4 (8. Bc4 Qc7 9. O-O e6 10. c3 Bd6 11. Qf3 c5 12. dxc5 Bxc5 13. Bb3 O-O-O 14. Nxg6 hxg6 15. Bf4 e5 16. Be3 e4 17. Qe2 Bxe3 18. Qxe3 Rxh2 19. Rfd1 Rdh8 20. Qxa7 e3 21. Qxe3 Ng4 {0-1 (21) Zherebukh,Y (2605)-Nakamura,H (2793) Saint Louis 2017}) 8... e5 9. dxe5 Qa5+ 10. c3 Qxe5+ 11. Qe2 Bc5 {LiveBook: 3 Games} 12. Nxg6 hxg6 13. Bf4 Qxe2+ 14. Bxe2 O-O-O {[%cal Ba8d8,Bd8e8,Be8e2][%mdl 32] [#]} 15. b4 $146 ({Predecessor:} 15. Rd1) 15... Bb6 16. a4 Rde8 $36 {[%mdl 2048] Black is more active.} 17. a5 Bc7 18. Bxc7 Kxc7 19. Kd2 Nd5 20. h5 gxh5 21. Rxh5 $2 {[%mdl 8192] [#]} (21. Bxh5 $11 Ne5 22. Bf3) 21... Rxe2+ $1 {[%mdl 512]} 0-1

[Event "Bergamo Open 2017"]
[Site "Bergamo"]
[Date "2017.07.14"]
[Round "4"]
[White "Ivanisevic, Ivan"]
[Black "Manea, Alexandru"]
[Result "1-0"]
[WhiteElo "2623"]
[BlackElo "2414"]
[Annotator "TA"]
[PlyCount "109"]
[EventDate "2017.??.??"]
[EventCountry "ITA"]
[SourceTitle "playchess.com"]
[Source "ChessBase"]
[SourceQuality "1"]

{[%evp 16,109,21,0,31,-8,1,0,18,2,0,-1,17,-14,8,-20,17,-39,0,-16,3,3,3,3,3,3,-1,-1,-1,-6,14,14,38,52,47,24,35,30,68,67,46,0,34,0,7,0,31,30,30,33,56,-4,0,0,0,0,0,0,0,0,0,-8,0,-35,0,-10,0,6,14,12,20,13,90,71,56,56,49,17,139,137,131,110,122,122,122,122,290,273,514,504,959,372,550,554,1435,1340]} 1. d4 d5 2. c4 c6 3. Nf3 e6 4. Nc3 dxc4 5. a4 Bb4 6. e4 Nf6 7. Bg5 Qa5 8. Bd2 {D44: Semi-Slav: Botvinnik System} c5 9. Bxc4 {LiveBook: 38 Games} Nc6 $146 ({Predecessor:} 9... cxd4 10. Nxd4 O-O 11. Nc2 Nc6 12. Nxb4 Qxb4 13. b3 Qe7 14. O-O Rd8 15. Re1 Ne5 {1-0 (60) Nakamura,H (2791)-Giri,A (2769) Saint Louis 2016}) 10. Bb5 {White is slightly better.} Bd7 11. dxc5 a6 12. Bd3 Qxc5 13. O-O O-O 14. Rc1 Qa5 15. Bg5 Rfd8 16. Bb1 ({White should play} 16. e5 $11 Bxc3 17. Rxc3 Nxe5 18. Bxf6 gxf6 19. Nxe5 Qxe5 20. Qg4+ Qg5 21. Qe4) 16... Be7 17. Qe2 {And now e5 would win.} Nd4 18. Nxd4 Qxg5 19. e5 Nh5 {Threatening ...Nf4.} 20. Qe4 g6 21. Nce2 Qd2 22. Rc7 $132 {[%mdl 2048] White is fighting back} Bf8 23. Rxb7 Rab8 24. Rxb8 Rxb8 25. g4 Ng7 26. b3 Bc5 27. Bd3 Bc8 28. Nf3 Qa5 29. Bc4 Bb7 30. Qf4 Qc7 {[#] Hoping for ...Qc6.} (30... h6 $5) 31. Ng3 Qc6 32. Be2 Ba8 {Strongly threatening ...Rb4.} 33. Rd1 (33. Rc1 $1 $14) 33... Ne8 {...Rb4 is the strong threat.} 34. Rd3 Nc7 35. Qd2 Bb4 36. Qg5 Bf8 37. Nh5 Ne8 38. Ng3 Nc7 39. Bf1 (39. Nh5 $5 {[%cal Rh5f6]} Ne8 40. Ng3 $11) 39... Qc5 (39... Nd5 {is more complex.} 40. Ne4 h6 41. Qh4 Rb4 42. Nfd2 g5) 40. Qd2 Qb4 (40... h6 {seems wilder.} 41. h3 a5 42. Qe1 Nd5 43. Ne4 Qb4) 41. Qxb4 Rxb4 42. Nd2 Nd5 43. Nge4 Bh6 (43... Kg7 $11) 44. g5 Bg7 45. Nf6+ Bxf6 $1 46. gxf6 h6 (46... Rg4+ $1 $11 47. Rg3 Rd4) 47. Nc4 $16 Bc6 {intending ...Bxa4.} 48. Bg2 Kh7 {Threatens to win with ...Nf4.} 49. Bxd5 Bxd5 {[%mdl 4096] Endgame KRB-KRN} 50. Nd6 g5 $2 (50... Rxb3 $16 51. Rxb3 Bxb3) 51. Nxf7 $18 Re4 $2 (51... a5 {was worth a try.} 52. Nd6 Kg6) 52. f3 Re2 (52... Re1+ $142 53. Kf2 Rb1) 53. Kf1 $2 (53. Rc3) 53... Rxh2 (53... Rc2 $142 54. Nd6 Kg6) 54. Nd6 Rc2 {[#]} 55. Rxd5 $1 {[%mdl 512] Precision: White = 47%, Black = 29%.} 1-0

[Event "Bergamo Open 2017"]
[Site "Bergamo"]
[Date "2017.07.14"]
[Round "4"]
[White "Landa, Konstantin"]
[Black "Kuljasevic, Davorin"]
[Result "1-0"]
[WhiteElo "2617"]
[BlackElo "2546"]
[Annotator "TA"]
[PlyCount "79"]
[EventDate "2017.??.??"]
[EventCountry "ITA"]
[SourceTitle "playchess.com"]
[Source "ChessBase"]
[SourceQuality "1"]

{[%evp 18,79,25,15,52,37,39,28,45,45,68,53,88,67,79,72,69,49,48,51,68,42,47,37,68,71,62,52,68,50,77,79,76,70,73,81,126,119,114,120,133,129,168,167,162,155,163,164,241,193,276,186,171,164,198,194,321,300,299,287,810,741,717,674]} 1. e4 e5 2. Nf3 Nc6 3. Bc4 Bc5 4. O-O Nf6 5. d3 O-O 6. a4 {C50: Hungarian Defence and Giuoco Pianissimo} (6. c3 d6 7. Re1 a6 8. Bb3 Re8 9. h3 h6 10. Nbd2 Be6 11. Nf1 Bxb3 12. Qxb3 d5 13. Be3 Bf8 14. Rad1 Na5 15. Qc2 {0-1 (43) So,W (2812)-Carlsen,M (2832) Paris 2017}) 6... a6 7. Bg5 {[%cal Bc1g5,Bg5h4,Bh4g3][%mdl 32]} h6 8. Bh4 Be7 9. Bg3 d6 10. c3 {LiveBook: 5 Games} Kh8 11. Nbd2 Nh7 $146 ({Predecessor:} 11... Na5 12. Ba2 Nh5 13. d4 Nxg3 14. hxg3 {1-0 (42) Landa,K (2599)-Van Foreest,L (2350) Netherlands 2016}) 12. d4 f5 13. exf5 {[%cal Rd4e5]} (13. dxe5 $2 f4 $17) 13... exd4 14. cxd4 d5 {[#]} 15. Bd3 $1 Bxf5 16. Bxf5 Rxf5 17. Re1 Nf8 18. Qb3 Bb4 19. Red1 Ne6 20. Nf1 a5 21. Ne3 Rh5 22. Rac1 Qd7 23. Ng4 $36 {[%mdl 2048] Threatens to win with Nge5. White fights for an advantage.} (23. Nc2 {feels hotter.} Kg8 24. Ne5 Nxe5 25. dxe5 c6 26. Nxb4 axb4 27. Qxb4 Rf5 28. Qd2) 23... Nexd4 24. Nxd4 Qxg4 25. Nxc6 bxc6 26. Rxc6 Qe2 27. Rxc7 Rf5 28. Qc2 Re8 {[#] ( -> ...Qe1+!)} 29. h3 Re4 30. f3 Qxc2 31. Rxc2 Re3 32. Kf1 Rb3 (32... Kg8 {keeps fighting.} 33. Bf2 Ree5 34. Rc8+ Rf8 35. Rxf8+ Kxf8) 33. Bc7 Be7 (33... Re3 $142 34. Re2 Rxe2 35. Kxe2 Kg8) 34. Ke2 Rb4 35. g4 Rf7 36. Rxd5 Bf6 (36... Rxa4 $142 37. Rxa5 Rb4) 37. Rxa5 $18 Re7+ 38. Kf2 {Bd6 is the strong threat.} Bxb2 $2 (38... Re8 39. Bd6 Rxb2 40. Rxb2 Bxb2) 39. Bd6 Bd4+ 40. Kg2 {Precision: White = 72%, Black = 35%.} 1-0

[Event "Bergamo Open 2017"]
[Site "Bergamo"]
[Date "2017.07.14"]
[Round "4"]
[White "Rambaldi, Francesco"]
[Black "Salgado Lopez, Ivan"]
[Result "1/2-1/2"]
[WhiteElo "2568"]
[BlackElo "2622"]
[Annotator "TA"]
[PlyCount "91"]
[EventDate "2017.??.??"]
[EventCountry "ITA"]
[SourceTitle "playchess.com"]
[Source "ChessBase"]
[SourceQuality "1"]

{[%evp 15,91,42,35,0,0,0,0,-25,0,9,0,-28,32,28,32,12,33,29,29,21,22,19,19,29,18,19,26,14,24,31,53,52,40,46,50,66,51,62,75,36,158,145,195,98,78,79,138,145,150,100,202,69,60,70,81,100,100,64,184,194,359,90,63,83,88,3,18,0,113,50,50,45,45,46,50,63,75,0]} 1. e4 g6 2. d4 Bg7 3. Nc3 c6 4. Nf3 d6 5. Be3 Nf6 6. h3 O-O 7. Qd2 Qc7 8. a4 Nbd7 {LiveBook: 51 Games. B08: Pirc Defence: Classical System} 9. Bc4 (9. Be2 $14) (9. Bh6 e5 10. Bxg7 Kxg7 11. Bd3 d5 12. O-O dxe4 13. Bxe4 Rd8 {0-1 (40) Ibragimov,I (2544)-Salgado Lopez,I (2619) Bilbao 2014}) 9... Nxe4 $11 10. Nxe4 d5 {The position is equal.} 11. Bf4 $146 ({Predecessor:} 11. Bxd5 cxd5 12. Nc3 Nf6 13. Bh6 Ne4 14. Nxe4 dxe4 15. Bxg7 Kxg7 16. Ne5 {1-0 (44) Vasiesiu,D (2415)-Ardeleanu,A (2370) Bucharest 1994}) 11... Qd8 12. Bxd5 cxd5 13. Nc3 Nb6 (13... Nf6 $11) 14. b3 $14 Bf5 15. Bh6 Rc8 16. Bxg7 Kxg7 17. Rc1 Na8 {[%cal Bb6a8,Ba8c7,Bc7e8,Be8f6][%mdl 32]} 18. Ne5 {[%cal Bf3e5,Be5g4,Bg4e3][%mdl 32]} Nc7 19. Ng4 Ne8 20. Ne3 Be6 21. f3 Rc6 22. Ne2 Qc7 23. c4 Nf6 $1 {[%cal Rd5c4]} 24. c5 a5 $1 25. Kf2 h5 26. g4 Rb8 27. gxh5 gxh5 (27... Nxh5 $14 28. Ng4 Rh8) 28. Ng2 $16 b6 {[%cal Rb6c5]} 29. cxb6 (29. Qg5+ $18 Kf8 30. Ngf4) 29... Rbxb6 30. Qxa5 Qb8 ({Better is} 30... Rxc1 31. Rxc1 Qb8) 31. Qd2 {And now Rxc6 would win.} Rxc1 32. Qg5+ Kh7 (32... Kf8 $16 33. Rxc1 (33. Nxc1 Qc7 $14) 33... Rxb3) 33. Rxc1 ({White must play} 33. Nxc1 $18 {Threatens to win with Nf4.} Qg8 34. Qe5) 33... Rxb3 $14 34. Ngf4 Ra3 $1 35. Rg1 {[%csl Gg1][%cal Rg5g7]} (35. Nxh5 $6 Qh2+ 36. Ke1 Nxh5 $11) 35... Qf8 36. Qe5 $36 {[%mdl 2048] Black is under pressure.} ({Reject} 36. Nxh5 $6 Nxh5 37. Qxh5+ Qh6 $11) 36... Qh6 (36... h4 $14) 37. Qc7 $18 ({But not} 37. Nxe6 $6 fxe6 38. Nf4 (38. Qxe6 $2 Ne4+ 39. fxe4 Qxe6 $19) 38... Rxa4 $14) 37... Bg4 $2 (37... Bd7 38. Qc2+ Kh8) 38. hxg4 $2 (38. fxg4 $18 {and the rest is easy.} hxg4 39. Kg2) 38... hxg4 $16 39. Qc2+ $1 Kg7 {...Qh2+ is the strong threat.} 40. Nd3 (40. Qc1 $1 $16 {[%cal Rc1a3]} Qh2+ 41. Ke1 Rxf3 42. Kd1) 40... Qh4+ $11 41. Ng3 {aiming for Rh1.} (41. Ke3 $5 {[%cal Re2f4]} Qg5+ 42. Nef4 $14) 41... Qh7 {[#]} (41... gxf3 $11 {keeps the balance.} 42. Kxf3 Kf8) 42. Rh1 ({White should try} 42. Ne1 $1 $16 Rxf3+ 43. Ke2 Qh2+ 44. Rg2) 42... Qxd3 $14 43. Nf5+ Kg6 44. Nxe7+ Kg7 {( -> ...Ne4+!)} 45. Nf5+ $1 Kg6 {[#]} 46. Ne7+ {Precision: White = 53%, Black = 49%.} ({White should play} 46. Nh4+ $1 $16 Kg7 47. Qxd3 Rxd3 48. Ra1) 1/2-1/2

[Event "Bergamo Open 2017"]
[Site "Bergamo"]
[Date "2017.07.14"]
[Round "4"]
[White "Sonis, Francesco"]
[Black "Brunello, Sabino"]
[Result "1/2-1/2"]
[WhiteElo "2440"]
[BlackElo "2572"]
[Annotator "TA"]
[PlyCount "112"]
[EventDate "2017.??.??"]
[EventCountry "ITA"]
[SourceTitle "playchess.com"]
[Source "ChessBase"]
[SourceQuality "1"]

{[%evp 18,112,34,0,0,0,0,-39,-32,-41,-62,-46,0,0,0,-1,0,0,0,0,0,0,0,0,0,-46,46,-35,0,-25,-41,-74,-31,-26,-34,-27,-47,-39,-27,-25,-7,-1,0,0,0,0,0,0,0,0,0,-22,-32,-92,-92,-92,-92,-92,-92,-92,-92,-92,-92,-92,-92,-92,0,-60,0,-92,-92,-258,-92,-92,0,-92,-92,-92,-92,-92,-25,-89,0,0,0,-242,0,0,0,0,0,0,0,0,0,0,0]} 1. Nf3 d5 2. c4 d4 3. g3 Nc6 4. Bg2 e5 5. d3 Bb4+ 6. Bd2 a5 7. O-O {A09: Réti Opening: 1 Nf3 d5 2 c4} Be7 (7... Nf6 8. Na3 O-O 9. Nb5 h6 10. e3 Bxd2 11. Qxd2 dxe3 12. Qxe3 Re8 13. Rfe1 Nb4 14. Re2 Ng4 {0-1 (34) Tomashevsky,E (2731)-Gelfand,B (2743) Moscow 2016}) 8. e3 Nf6 $146 ({Predecessor:} 8... h5 9. exd4 exd4 10. Re1 Kf8 11. h4 Bg4 12. Bf4 Nh6 13. Nbd2 g6 {1-0 (41) Petran,P (2360)-Borik,J (2166) Slovakia 2016}) 9. exd4 exd4 10. Bf4 {LiveBook: 3 Games} Nd7 11. Na3 {And now Nb5 would win.} Nc5 12. Ne5 Nb4 13. Nc2 Nxc2 14. Qxc2 g5 15. Bc1 f6 16. Nf3 Bf5 17. Rd1 h5 18. b3 Qd7 19. Bb2 Ne6 20. Re1 c6 21. Re2 Kf7 (21... O-O-O $15) 22. a3 (22. c5 $1 $14) 22... Rae8 23. Rae1 (23. c5 $5) 23... h4 24. Nd2 Nc5 {White must now prevent ...hxg3.} 25. Ne4 Bg4 {aiming for ...hxg3.} 26. Nxc5 Bxc5 27. Rxe8 Rxe8 28. Qd2 h3 29. Bf1 Rxe1 30. Qxe1 b6 31. b4 axb4 32. axb4 Bf8 33. Qe4 c5 34. b5 Bf5 35. Qe2 (35. Qa8 $15) 35... g4 $17 36. Bc1 Qb7 $1 37. Bf4 Be7 38. Qd1 Qa8 39. Qd2 Bd8 40. Bd6 Ke6 41. Bf4 Kf7 42. Bd6 $1 Ke6 43. Bf4 Kd7 44. Qc1 $2 {[#]} (44. Qc2 $17 {might work better.}) 44... Qf3 $2 (44... Bxd3 $1 $19 {[%mdl 512] has better winning chances. Threatens to win with ...Qe4.} 45. Qd1 (45. Bxd3 Qg2#) 45... Bf5) 45. Qd2 Qa8 (45... Ke8 $17) 46. Qd1 (46. Qc1 $1 $11 {remains equal.}) 46... Ke8 47. Qe2+ Kf7 $1 48. Bd6 Qb7 ({Black should play} 48... Qf3 $17) 49. Qd2 $1 $11 {[#]} Bc8 (49... Ke6 $1 $17 {[%cal Re6d6]} 50. Qf4 Qf3) 50. Qh6 $36 {[%mdl 2048] White is more active.} Ke6 51. Qf8 $2 {[#]} (51. Bf8 $11 {and White stays safe.} Qf3 52. Qg6) 51... Qf3 $2 ({Better is} 51... Kd7 $1 $19 {Hoping for ...Qf3.} 52. Bf4 Be7) 52. Qe8+ {The position is equal.} Kf5 53. Qh5+ Ke6 54. Qe8+ Kf5 55. Qh5+ Ke6 56. Qe8+ Kf5 {Precision: White = 54%, Black = 58%.} 1/2-1/2

[Event "Bergamo Open 2017"]
[Site "Bergamo"]
[Date "2017.07.14"]
[Round "4"]
[White "Damia, Angelo"]
[Black "Godena, Michele"]
[Result "0-1"]
[WhiteElo "2378"]
[BlackElo "2511"]
[Annotator "TA"]
[PlyCount "110"]
[EventDate "2017.??.??"]
[EventCountry "ITA"]
[SourceTitle "playchess.com"]
[Source "ChessBase"]
[SourceQuality "1"]

{[%evp 19,110,-22,-29,-54,-44,-38,-27,-43,-48,-39,-40,-43,-44,-41,-33,-96,-112,-105,-99,-102,-103,-100,-104,-108,-112,-111,-84,-79,-84,-63,-82,-75,-26,-33,-30,-32,0,-38,-38,-38,-40,-52,-38,-38,-29,-34,-57,-56,-8,-27,-16,-29,-16,-17,0,-44,-12,-54,-18,-118,-10,-37,0,0,0,0,0,0,0,0,0,0,0,-10,-10,-46,-47,-90,-90,-528,-474,-3071,-3200,-2727,-2590,-6150,-6150,-6103,-5950,-5689,-5608,-4818,-3441]} 1. e4 e5 2. Nf3 Nc6 3. Bc4 Bc5 4. b4 Bxb4 5. c3 Ba5 6. d4 exd4 7. O-O Nge7 8. Ng5 d5 {C52: Evans Gambit Accepted: 5 c3 Ba5} 9. exd5 Ne5 10. Qxd4 (10. Bb3 O-O 11. cxd4 Ng4 12. Qf3 Nf6 13. Ba3 h6 14. Ne4 Nxe4 15. Qxe4 Re8 16. Bb2 {0-1 (27) Morozevich,A (2745)-Adams,M (2746) Wijk aan Zee 2001}) 10... f6 {LiveBook: 9 Games. The position is equal.} 11. Bb3 Bb6 12. Qa4+ Qd7 13. Ne6 Qxa4 14. Bxa4+ Kf7 15. Bb3 c6 $36 {[%mdl 2048] Black has some pressure.} 16. Nf4 cxd5 17. Ba3 $146 (17. Nd2 $15) ({Predecessor:} 17. Nxd5 Nxd5 18. Bxd5+ {0-1 (30) Rodriguez Hernandez,J-Hanison,B corr 2000}) 17... g5 $17 18. Nxd5 Nxd5 19. Bxd5+ Be6 20. Bxe6+ Kxe6 21. Nd2 Rac8 22. Rae1 Rxc3 23. Bb2 Rc2 24. Bxe5 fxe5 25. Nf3 Kf6 {[#] White must now prevent ...Re8.} 26. Nxe5 Rd8 27. Ng4+ Kf5 28. Ne3+ Bxe3 $1 29. Rxe3 Rxa2 $15 {[%mdl 4096] Endgame KRR-KRR} 30. Rfe1 Rd7 31. Re6 $1 {[#] White wants to mate with R1e5+.} Ra5 32. h3 {g4+ would kill now.} h5 33. g3 Rf7 34. Kg2 Rf6 35. Re7 Rb5 {next ...Rb2 is good for Black.} 36. Rg7 $1 a6 37. Re2 (37. f4 $5 {[%cal Rg7g5]} Rg6 38. Rf7+ Rf6 39. Rg7 $11) 37... Rf8 (37... Re6 $5 {[%cal Re6e2]} 38. Rxg5+ Kxg5 39. Rxe6 a5 $15) 38. Re3 {aiming for Rf3+.} Kf6 39. Rd7 (39. Rh7 $11) 39... Kg6 ({Black should play} 39... a5 $17 {White should prevent ...a4.} 40. Rf3+ Ke6) 40. Ree7 Rb2 41. Rg7+ Kh6 42. Rh7+ Kg6 43. Rhg7+ Kf6 44. Rxb7 Rxb7 45. Rxb7 $11 {KR-KR} Ra8 46. Kf3 a5 {[%cal Ba6a5,Ba5a4,Ba4a3,Ba3a2][%mdl 32]} 47. Ke4 a4 {Strongly threatening ...a3.} 48. Rb6+ $1 Ke7 49. h4 $2 {[%mdl 8192]} (49. Rb7+ $17 Kd6 50. Kd4) 49... a3 {Black is clearly winning.} 50. Rb1 (50. Rb7+ $142 Kd6 51. Rb1) 50... a2 $19 51. Ra1 gxh4 52. gxh4 Kf6 53. f3 Ra3 54. Kf4 Ra4+ 55. Ke3 Ke5 {Precision: White = 38%, Black = 53%.} 0-1

[Event "Bergamo Open 2017"]
[Site "Bergamo"]
[Date "2017.07.14"]
[Round "4"]
[White "Videnova, Iva"]
[Black "Srebrnic, Ana"]
[Result "0-1"]
[WhiteElo "2370"]
[BlackElo "2199"]
[Annotator "TA"]
[PlyCount "132"]
[EventDate "2017.??.??"]
[EventCountry "ITA"]
[SourceTitle "playchess.com"]
[Source "ChessBase"]
[SourceQuality "1"]

{[%evp 15,132,0,36,29,32,11,5,-8,-2,-5,-17,-37,-21,-34,0,0,0,0,19,14,20,0,0,0,7,-38,7,0,0,0,18,18,54,52,40,46,32,45,55,33,61,0,0,0,0,0,0,0,0,-92,-97,-146,-31,-550,-419,-396,-341,-478,-478,-533,-608,-590,-578,-576,-566,-596,-608,-605,-602,-603,-567,-604,-589,-637,-643,-649,-649,-654,-631,-741,-745,-720,-735,-715,-712,-719,-704,-695,-681,-621,0,-705,-691,-1105,-1093,-1188,-1181,-1543,-1456,-1541,-1571,-1581,-1529,-3198,-2526,-2445,-2219,-29968,-29942,-29963,-4727,-29973,-29974,-29978,-29983,-29984,-29985,-29983,-29984]} 1. e4 e5 2. Bc4 Nf6 3. d3 c6 4. Nf3 Be7 5. O-O d6 6. Re1 {C24: Bishop's Opening: 2...Nf6} (6. Bb3 O-O 7. Re1 Re8 8. c3 Bf8 9. Nbd2 Be6 10. Bc2 Nbd7 11. h3 h6 12. d4 Qc7 13. c4 exd4 14. Nxd4 Qb6 15. Nxe6 Rxe6 {0-1 (42) Hou,Y (2649)-Ivanchuk,V (2732) Shenzhen 2017}) 6... Nbd7 {[%cal Bb8d7,Bd7c5,Bc5e6,Be6f4][%mdl 32]} 7. c3 O-O 8. Nbd2 Nc5 {LiveBook: 3 Games} (8... b5 $5 {[%cal Rb5c4]} 9. Bb3 Bb7 $11) 9. b4 Ne6 10. Bb3 a5 11. bxa5 Qxa5 12. Nc4 $146 ({Predecessor:} 12. Qc2 Re8 13. Nc4 Qc7 {0-1 (25) Pass,D (2025)-Leonard,M (2344) IECG email 1999}) 12... Qc7 (12... Qxc3 $2 13. Bd2 $18) 13. Ne3 g6 14. h3 Nf4 15. Nf1 N6h5 16. Ng3 Bf6 17. Nxh5 Nxh5 18. Bh6 Bg7 19. Qd2 Bd7 20. Rad1 Be6 21. d4 Bxb3 22. axb3 Rfd8 23. Bg5 Bf6 24. Bxf6 Nxf6 25. Qg5 Nd7 26. dxe5 Nxe5 27. Nh4 Nd7 28. Qe7 (28. Re3 $14) 28... Re8 $11 29. Qg5 Nc5 30. Nf5 Nxe4 31. Nh6+ Kg7 32. Qf4 (32. Nf5+ $1 $11 {remains equal.} Kg8 33. Nh6+ Kg7 34. Nf5+ Kg8) 32... f5 $36 {[%mdl 2048] White must now prevent ...Qa5. Black is really pushing.} ({Reject} 32... Nxc3 $6 33. Nf5+ $1 {[%mdl 512]} gxf5 34. Qg5+ Kf8 35. Qh6+ Kg8 36. Qg5+ Kf8 37. Qh6+ Kg8 38. Qg5+ Kf8 $11) 33. g4 {[#]} Qe7 ({Black should try} 33... Qd8 $1 $17 {[%cal Rd8h4]} 34. gxf5 Qg5+ 35. Qxg5 Nxg5 36. Rxe8 Rxe8) 34. Kg2 $2 {[%mdl 8192]} ({White must play} 34. f3 $1 $15) 34... Qe5 35. Qxe5+ dxe5 {[%cal Bd6e5,Be5e4][%mdl 32]} 36. gxf5 (36. Rxe4 $142 fxe4 37. g5) 36... Nxc3 $19 ({And not} 36... Kxh6 37. Rxe4 gxf5 38. Rh4+ Kg5 39. Rxh7 $11) 37. Rd3 Nd5 ({Less strong is} 37... Kxh6 38. Rxc3 gxf5 39. Rc5 $17) 38. Rxd5 cxd5 {[%mdl 4096] Endgame KRR-KRN} 39. Ng4 e4 40. fxg6 Kxg6 41. Rd1 Rad8 42. Rd4 Kf5 43. Kf1 Rd7 44. Ke2 Rc8 45. Ne3+ Ke5 46. Rb4 Rc5 47. Rb6 Ra5 48. Rh6 Ra2+ 49. Kf1 Kd4 50. Rh5 Rb2 51. b4 Rb1+ 52. Ke2 Rb2+ 53. Kf1 b5 54. h4 Rxb4 55. Nc2+ Kc3 56. Nxb4 Kxb4 {KR-KR} 57. Ke2 Kc3 58. Rh6 Rb7 59. Rc6+ Kd4 60. Kd2 b4 {[%cal Bb5b4,Bb4b3][%mdl 32]} 61. Kc2 b3+ 62. Kb2 Kd3 (62... Rf7 $142 63. Rd6 Rxf2+ 64. Kxb3 e3 65. Re6 e2 66. Ka4 Rf4 67. Kb5 Re4 68. Rd6 e1=Q 69. Rf6 Ke3 70. Rh6 Rb4+ 71. Kc5 Qc3+ 72. Kd6 Rb6+ 73. Kd7 Rxh6 74. Ke7 Qg7+ 75. Ke8 Rf6 76. h5 Rf8#) 63. h5 d4 {Black mates.} 64. Rd6 Rf7 65. Kxb3 Rxf2 66. Rd7 e3 {Precision: White = 37%, Black = 61%.} 0-1